00428nam a2200157Ia 4500008004100000020001500041041001200056082001600068100001800084245009200102250000800194260002500202300000800227650001900235700001600254221030s9999 xx 000 0 und d a0070435286 aEnglish a105.23bSpi aM. R. Spiegel 0aSchaum`s Outline of Theory & Problems of College Algebracby M. R. Spiegel, R. E. Moyer a2ND bTMHaNew Delhic2005 a405 aBE Mathematics aR. E. Moyer